ਭਾਰਤੀ ਦਰਸ਼ਨ : (Record no. 109742)
[ view plain ]
| 000 -LEADER | |
|---|---|
| fixed length control field | 01046nam a22002777a 4500 |
| 005 - DATE AND TIME OF LATEST TRANSACTION | |
| control field | 20170123164142.0 |
| 010 ## - LIBRARY OF CONGRESS CONTROL NUMBER | |
| LC control number | B-109612 |
| 020 ## - INTERNATIONAL STANDARD BOOK NUMBER | |
| Terms of availability | 75.00 |
| 035 ## - SYSTEM CONTROL NUMBER | |
| System control number | B-109612 |
| 037 ## - SOURCE OF ACQUISITION | |
| Source of stock number/acquisition | Cen Lib/Ret |
| 040 ## - CATALOGING SOURCE | |
| Original cataloging agency | DPL |
| Language of cataloging | EN |
| 082 ## - DEWEY DECIMAL CLASSIFICATION NUMBER | |
| Classification number | 181.4 |
| Item number | ਰਾਜਿੰਦ |
| 100 ## - MAIN ENTRY--PERSONAL NAME | |
| Personal name | ਰਾਜਿੰਦਰ ਪਾਲ ਸਿੰਘ |
| 9 (RLIN) | 44266 |
| 245 ## - TITLE STATEMENT | |
| Title | ਭਾਰਤੀ ਦਰਸ਼ਨ : |
| Statement of responsibility, etc | ਰਾਜਿੰਦਰ ਪਾਲ ਸਿੰਘ |
| Remainder of title | ਞਿਗ਼ਿਆਨਕ ਅਧਐਨ / |
| 246 ## - VARYING FORM OF TITLE | |
| Remainder of title | Bharat darshan : A scientif analysis / |
| Title proper/short title | by Rajinder Pal Singh |
| 260 ## - PUBLICATION, DISTRIBUTION, ETC. (IMPRINT) | |
| Name of publisher, distributor, etc | ਲੋਕਗੀਤ ਪ੍ਰਕਾਸ਼ਨ |
| Date of publication, distribution, etc | 2002 |
| Place of publication, distribution, etc | ਦਿੱਲੀ |
| 270 ## - ADDRESS | |
| Address | 2427-28, Sector 22-C |
| City | ਚੰਡੀਗਡ |
| Postal code | 160022 |
| 300 ## - PHYSICAL DESCRIPTION | |
| Extent | 168p. |
| Dimensions | 23cm(Hb) |
| 490 ## - SERIES STATEMENT | |
| Series statement | |
| 500 ## - GENERAL NOTE | |
| General note | includes index |
| 650 ## - SUBJECT ADDED ENTRY--TOPICAL TERM | |
| Topical term or geographic name as entry element | Philosophy |
| Geographic subdivision | Indic |
| 9 (RLIN) | 129338 |
| 650 ## - SUBJECT ADDED ENTRY--TOPICAL TERM | |
| Topical term or geographic name as entry element | Philosophy |
| General subdivision | Hindu |
| 9 (RLIN) | 129339 |
| 650 ## - SUBJECT ADDED ENTRY--TOPICAL TERM | |
| Topical term or geographic name as entry element | ਭਾਰਤ ਦਰਸਨ |
| 9 (RLIN) | 1541 |
| 650 ## - SUBJECT ADDED ENTRY--TOPICAL TERM | |
| Topical term or geographic name as entry element | ਭਾਰਤ ਦਰਸਨ - ਹਿੰਦੂ |
| 9 (RLIN) | 6720 |
| 942 ## - ADDED ENTRY ELEMENTS (KOHA) | |
| Source of classification or shelving scheme | Dewey Decimal Classification |
| Koha item type | Punjabi Bks |
| Classification part | 181.4 |
| Call number suffix | ਰਾਜਿੰਦ |
| Withdrawn status | Lost status | Damaged status | Not for loan | Home library | Current library | Date acquired | Source of acquisition | Cost, normal purchase price | Total Checkouts | Full call number | Barcode | Date last seen | Copy number | Cost, replacement price | Price effective from | Koha item type |
|---|---|---|---|---|---|---|---|---|---|---|---|---|---|---|---|---|
| Central Library | Central Library | 04/01/2016 | Cen Lib/Ret | 75.00 | 181.4 ਰਾਜੇਂਦ | B-109612 | 04/01/2016 | 1 | 75.00 | 04/01/2016 | Punjabi Bks |
